[Event "Hoogeveen Open"]
[Site "Hoogeveen, Netherlands"]
[Date "2018.10.20"]
[Round "1.36"]
[White "Husers, Yannic"]
[Black "Sparenberg, Erik"]
[Result "0-1"]
[WhiteElo "1866"]
[BlackElo "2224"]

1. e4 {[%clk 01:30:57]} {[%emt 00:00:02]} e5 {[%clk 01:30:56]} {[%emt
00:00:05]} 2. Nf3 {[%clk 01:31:20]} {[%emt 00:00:06]} Nc6 {[%clk 01:31:24]}
{[%emt 00:00:02]} 3. c3 {[%clk 01:31:40]} {[%emt 00:00:11]} Nf6 {[%clk
01:31:45]} {[%emt 00:00:08]} 4. d4 {[%clk 01:32:03]} {[%emt 00:00:07]} d6
{[%clk 01:31:54]} {[%emt 00:00:21]} 5. d5 {[%clk 01:31:46]} {[%emt 00:00:48]}
Nb8 {[%clk 01:31:23]} {[%emt 00:01:00]} 6. Bd3 {[%clk 01:31:56]} {[%emt
00:00:21]} Be7 {[%clk 01:31:32]} {[%emt 00:00:20]} 7. O-O {[%clk 01:30:55]}
{[%emt 00:01:31]} O-O {[%clk 01:31:56]} {[%emt 00:00:06]} 8. h3 {[%clk
01:29:37]} {[%emt 00:01:48]} a5 {[%clk 01:26:55]} {[%emt 00:05:32]} 9. a4
{[%clk 01:26:44]} {[%emt 00:03:23]} Na6 {[%clk 01:26:40]} {[%emt 00:00:44]} 10.
Nbd2 {[%clk 01:26:25]} {[%emt 00:00:49]} c6 {[%clk 01:19:34]} {[%emt 00:07:36]}
11. c4 {[%clk 01:19:37]} {[%emt 00:07:18]} Nd7 {[%clk 01:13:55]} {[%emt
00:06:09]} 12. g4 {[%clk 01:06:44]} {[%emt 00:13:23]} Ndc5 {[%clk 01:10:33]}
{[%emt 00:03:52]} 13. Bb1 {[%clk 01:06:16]} {[%emt 00:00:57]} Nb4 {[%clk
01:07:05]} {[%emt 00:03:59]} 14. Ra3 {[%clk 00:55:50]} {[%emt 00:10:56]} cxd5
{[%clk 00:59:03]} {[%emt 00:08:33]} 15. exd5 {[%emt 00:13:50]} f5 {[%clk
00:51:51]} 16. Nh2 {[%clk 00:47:18]} {[%emt 00:03:23]} Bg5 {[%clk 00:41:59]}
{[%emt 00:10:22]} 17. Ndf3 {[%clk 00:32:44]} {[%emt 00:15:04]} Bxc1 {[%clk
00:40:54]} {[%emt 00:01:35]} 18. Qxc1 {[%clk 00:33:06]} {[%emt 00:00:08]} fxg4
{[%clk 00:35:04]} {[%emt 00:06:21]} 19. hxg4 {[%clk 00:26:19]} {[%emt
00:07:18]} Rf4 {[%clk 00:34:36]} {[%emt 00:00:57]} 20. g5 {[%clk 00:24:09]}
{[%emt 00:02:40]} Bd7 {[%clk 00:27:41]} {[%emt 00:07:24]} 21. Kh1 {[%clk
00:21:25]} {[%emt 00:03:14]} Bxa4 {[%clk 00:25:43]} {[%emt 00:02:29]} 22. Rc3
{[%clk 00:17:29]} {[%emt 00:04:26]} Qe7 {[%clk 00:22:05]} {[%emt 00:04:06]} 23.
Ng1 {[%clk 00:16:01]} {[%emt 00:02:00]} Raf8 {[%clk 00:20:01]} {[%emt
00:02:34]} 24. Nh3 {[%clk 00:16:08]} {[%emt 00:00:24]} Rh4 {[%clk 00:18:23]}
{[%emt 00:02:07]} 25. Qe3 {[%clk 00:16:08]} {[%emt 00:00:30]} Bd7 {[%clk
00:17:43]} {[%emt 00:01:10]} 26. Ng1 {[%clk 00:13:18]} {[%emt 00:03:20]} Rff4
{[%clk 00:16:29]} {[%emt 00:01:44]} 27. Ngf3 {[%clk 00:10:11]} {[%emt
00:03:37]} Rh3 {[%clk 00:16:22]} {[%emt 00:00:35]} 28. Qd2 {[%clk 00:08:58]}
{[%emt 00:01:45]} Bg4 {[%clk 00:10:07]} {[%emt 00:06:44]} 29. Kg2 {[%clk
00:06:54]} {[%emt 00:02:35]} Qd7 {[%clk 00:08:12]} {[%emt 00:02:25]} 30. Ng1
{[%clk 00:05:58]} {[%emt 00:01:27]} Rh5 {[%clk 00:07:27]} {[%emt 00:01:14]} 31.
Rg3 {[%clk 00:06:05]} {[%emt 00:00:23]} Bf5 {[%clk 00:06:40]} {[%emt 00:01:16]}
32. Qd1 {[%clk 00:04:57]} {[%emt 00:01:39]} g6 {[%clk 00:05:26]} {[%emt
00:01:44]} 33. Bxf5 {[%clk 00:04:01]} {[%emt 00:01:27]} Qxf5 {[%clk 00:05:45]}
{[%emt 00:00:11]} 34. Nh3 {[%clk 00:03:48]} {[%emt 00:00:42]} Rd4 {[%clk
00:03:24]} {[%emt 00:02:50]} 35. Qc1 {[%clk 00:02:20]} {[%emt 00:01:58]} Nbd3
{[%clk 00:03:36]} {[%emt 00:00:18]} 36. Qc3 {[%clk 00:01:58]} {[%emt 00:00:53]}
Rdh4 {[%clk 00:01:15]} {[%emt 00:02:51]} 37. Qxa5 {[%clk 00:00:40]} {[%emt
00:01:49]} Rxh3 {[%clk 00:01:27]} {[%emt 00:00:18]} 38. Qd8+ {[%clk 00:01:07]}
{[%emt 00:00:03]} Kf7 {[%clk 00:01:18]} {[%emt 00:00:38]} 39. Ng4 {[%clk
00:00:37]} {[%emt 00:01:00]} Nf4+ {[%clk 00:01:14]} {[%emt 00:00:33]} 0-1

[Event "Hoogeveen Open"]
[Site "Hoogeveen, Netherlands"]
[Date "2018.10.20"]
[Round "1.38"]
[White "Van Der Hagen, Loek"]
[Black "Murray, David"]
[Result "1-0"]
[WhiteElo "1820"]
[BlackElo "2222"]

1. e4 {[%clk 01:30:52]} {[%emt 00:00:06]} c5 {[%clk 01:30:52]} {[%emt
00:00:08]} 2. Nf3 {[%clk 01:31:16]} {[%emt 00:00:07]} Nc6 {[%clk 01:31:15]}
{[%emt 00:00:08]} 3. d4 {[%clk 01:31:40]} {[%emt 00:00:06]} cxd4 {[%clk
01:31:40]} {[%emt 00:00:05]} 4. Nxd4 {[%clk 01:32:04]} {[%emt 00:00:06]} Qc7
{[%clk 01:31:53]} {[%emt 00:00:17]} 5. Nc3 {[%clk 01:31:27]} {[%emt 00:01:07]}
e6 {[%clk 01:32:15]} {[%emt 00:00:08]} 6. Be3 {[%clk 01:31:12]} {[%emt
00:00:45]} a6 {[%clk 01:32:35]} {[%emt 00:00:11]} 7. Qd2 {[%clk 01:30:40]}
{[%emt 00:01:02]} Nf6 {[%clk 01:30:31]} {[%emt 00:02:34]} 8. f3 {[%clk
01:30:26]} {[%emt 00:00:43]} Bb4 {[%clk 01:30:29]} {[%emt 00:00:33]} 9. O-O-O
{[%clk 01:29:24]} {[%emt 00:01:31]} O-O {[%clk 01:29:29]} {[%emt 00:01:31]} 10.
g4 {[%clk 01:25:48]} {[%emt 00:04:06]} b5 {[%clk 01:28:25]} {[%emt 00:01:34]}
11. h4 {[%clk 01:23:16]} {[%emt 00:03:02]} Nxd4 {[%clk 01:22:51]} {[%emt
00:06:04]} 12. Qxd4 {[%clk 01:19:51]} {[%emt 00:03:55]} Qa5 {[%clk 01:21:52]}
{[%emt 00:01:29]} 13. Kb1 {[%clk 01:14:19]} {[%emt 00:06:01]} d6 {[%clk
01:18:50]} {[%emt 00:03:32]} 14. h5 {[%clk 01:07:56]} {[%emt 00:06:54]} Bb7
{[%clk 01:12:00]} {[%emt 00:07:20]} 15. g5 {[%clk 01:01:21]} {[%emt 00:07:04]}
Nd7 {[%clk 01:08:19]} {[%emt 00:04:11]} 16. g6 {[%clk 00:58:00]} {[%emt
00:03:52]} e5 {[%clk 01:02:50]} {[%emt 00:05:59]} 17. Qd2 {[%clk 00:53:17]}
{[%emt 00:05:12]} Rac8 {[%clk 00:56:13]} {[%emt 00:07:07]} 18. h6 {[%clk
00:48:57]} {[%emt 00:04:50]} fxg6 {[%clk 00:53:51]} {[%emt 00:02:53]} 19. hxg7
{[%clk 00:48:42]} {[%emt 00:00:44]} Rf7 {[%clk 00:47:41]} {[%emt 00:06:40]} 20.
Qh2 {[%clk 00:47:28]} {[%emt 00:01:44]} Rxg7 {[%clk 00:45:46]} {[%emt
00:02:27]} 21. Nd5 {[%clk 00:44:26]} {[%emt 00:03:31]} Bxd5 {[%clk 00:43:53]}
{[%emt 00:02:24]} 22. exd5 {[%clk 00:41:10]} {[%emt 00:03:45]} Nf8 {[%clk
00:31:19]} {[%emt 00:13:04]} 23. Bd3 {[%clk 00:40:03]} {[%emt 00:01:36]} Qc7
{[%clk 00:28:45]} {[%emt 00:03:05]} 24. Bh6 {[%clk 00:36:48]} {[%emt 00:03:45]}
Rf7 {[%clk 00:23:58]} {[%emt 00:05:17]} 25. Bxf8 {[%clk 00:35:23]} {[%emt
00:01:55]} Kxf8 {[%clk 00:22:19]} {[%emt 00:02:09]} 26. Bxg6 {[%clk 00:28:49]}
{[%emt 00:07:05]} hxg6 {[%clk 00:21:44]} {[%emt 00:01:05]} 27. Qh8+ {[%clk
00:29:11]} {[%emt 00:00:07]} Ke7 {[%clk 00:22:10]} {[%emt 00:00:05]} 28. Qh4+
{[%clk 00:29:14]} {[%emt 00:00:26]} Ke8 {[%clk 00:20:22]} {[%emt 00:02:18]} 29.
Qxb4 {[%clk 00:27:36]} {[%emt 00:02:08]} Qxc2+ {[%clk 00:19:09]} {[%emt
00:01:44]} 30. Ka1 {[%clk 00:27:58]} {[%emt 00:00:08]} Kd7 {[%clk 00:16:53]}
{[%emt 00:02:45]} 31. Qa5 {[%clk 00:23:10]} {[%emt 00:05:19]} Rxf3 {[%clk
00:06:18]} {[%emt 00:11:04]} 32. Qxa6 {[%clk 00:18:00]} {[%emt 00:05:41]} g5
{[%clk 00:06:08]} {[%emt 00:00:40]} 33. Qxb5+ {[%clk 00:16:16]} {[%emt
00:02:14]} Ke7 {[%clk 00:06:11]} {[%emt 00:00:27]} 34. Rh7+ {[%clk 00:07:33]}
{[%emt 00:09:12]} Kf6 {[%clk 00:05:38]} {[%emt 00:01:04]} 35. Rh6+ {[%clk
00:07:05]} {[%emt 00:00:57]} Kf5 {[%clk 00:03:40]} {[%emt 00:02:28]} 36. Qd7+
{[%clk 00:05:20]} {[%emt 00:02:15]} Kf4 {[%clk 00:04:03]} {[%emt 00:00:08]} 37.
Rf6+ {[%clk 00:03:56]} {[%emt 00:01:54]} Ke3 {[%clk 00:03:39]} {[%emt
00:00:54]} 38. Rxf3+ {[%clk 00:03:26]} {[%emt 00:00:59]} Kxf3 {[%clk 00:04:00]}
{[%emt 00:00:09]} 39. Qh3+ {[%clk 00:02:50]} {[%emt 00:01:07]} Ke2 {[%clk
00:01:44]} {[%emt 00:02:46]} 40. Qf1+ {[%clk 00:02:03]} {[%emt 00:01:16]} Ke3
{[%clk 00:02:09]} {[%emt 00:00:05]} 41. Qh3+ {[%clk 00:01:55]} {[%emt
00:00:37]} Ke2 {[%clk 00:00:42]} {[%emt 00:01:59]} 42. Qg4+ {[%clk 00:01:22]}
{[%emt 00:01:02]} Kf2 {[%clk 00:28:40]} {[%emt 00:02:32]} 43. Qg1+ {[%clk
00:29:10]} {[%emt 00:02:42]} Kf3 {[%clk 00:27:53]} {[%emt 00:01:17]} 44. Rf1+
{[%clk 00:28:53]} {[%emt 00:00:47]} Ke4 {[%clk 00:27:34]} {[%emt 00:00:50]} 45.
Qg4+ {[%clk 00:29:04]} {[%emt 00:00:18]} Kxd5 {[%clk 00:24:33]} {[%emt
00:03:32]} 46. Rd1+ {[%clk 00:28:00]} {[%emt 00:01:33]} Qxd1+ {[%clk 00:24:53]}
{[%emt 00:00:11]} 47. Qxd1+ {[%clk 00:28:20]} {[%emt 00:00:09]} Kc6 {[%clk
00:25:17]} {[%emt 00:00:07]} 48. Qg4 {[%clk 00:27:57]} {[%emt 00:00:53]} Rf8
{[%clk 00:24:57]} {[%emt 00:00:51]} 49. a3 {[%clk 00:27:41]} {[%emt 00:00:45]}
Kd5 {[%clk 00:24:18]} {[%emt 00:01:10]} 50. Qxg5 {[%clk 00:27:34]} {[%emt
00:00:36]} Ke4 {[%clk 00:24:23]} {[%emt 00:00:25]} 51. Qg6+ {[%clk 00:25:20]}
{[%emt 00:02:44]} Kd5 {[%clk 00:24:43]} {[%emt 00:00:10]} 52. Kb1 {[%clk
00:23:27]} {[%emt 00:02:23]} e4 {[%clk 00:24:08]} {[%emt 00:01:06]} 53. Qg5+
{[%clk 00:22:30]} {[%emt 00:01:26]} Kc4 {[%clk 00:24:03]} {[%emt 00:00:36]} 54.
Qc1+ {[%clk 00:21:19]} {[%emt 00:01:40]} Kd4 {[%clk 00:23:18]} {[%emt
00:01:15]} 55. Qd2+ {[%clk 00:20:25]} {[%emt 00:01:24]} Ke5 {[%clk 00:23:31]}
{[%emt 00:00:17]} 56. Qc3+ {[%clk 00:19:14]} {[%emt 00:01:41]} Ke6 {[%clk
00:23:01]} {[%emt 00:01:01]} 57. a4 {[%clk 00:19:04]} {[%emt 00:00:39]} d5
{[%clk 00:23:06]} {[%emt 00:00:25]} 58. a5 {[%clk 00:18:34]} {[%emt 00:01:00]}
Rd8 {[%clk 00:21:43]} {[%emt 00:01:53]} 59. Qd4 {[%clk 00:17:58]} {[%emt
00:01:06]} Rd6 {[%clk 00:21:54]} {[%emt 00:00:19]} 60. b4 {[%clk 00:17:15]}
{[%emt 00:01:13]} 1-0

[Event "Hoogeveen Open"]
[Site "Hoogeveen, Netherlands"]
[Date "2018.10.20"]
[Round "1.39"]
[White "Zarkovic, Mila"]
[Black "Wedda, Dries"]
[Result "1/2-1/2"]
[WhiteElo "2213"]
[BlackElo "2216"]

1. e4 {[%clk 01:30:57]} {[%emt 00:00:02]} c5 {[%clk 01:30:55]} {[%emt
00:00:05]} 2. Nf3 {[%clk 01:31:23]} {[%emt 00:00:06]} d6 {[%clk 01:31:22]}
{[%emt 00:00:03]} 3. d4 {[%clk 01:31:47]} {[%emt 00:00:06]} cxd4 {[%clk
01:31:48]} {[%emt 00:00:04]} 4. Nxd4 {[%clk 01:32:13]} {[%emt 00:00:04]} Nf6
{[%clk 01:32:12]} {[%emt 00:00:05]} 5. Nc3 {[%clk 01:32:37]} {[%emt 00:00:06]}
a6 {[%clk 01:32:39]} {[%emt 00:00:03]} 6. Be2 {[%clk 01:32:11]} {[%emt
00:00:56]} e5 {[%clk 01:33:03]} {[%emt 00:00:06]} 7. Nb3 {[%clk 01:32:34]}
{[%emt 00:00:07]} Be7 {[%clk 01:33:12]} {[%emt 00:00:21]} 8. O-O {[%clk
01:32:56]} {[%emt 00:00:09]} O-O {[%clk 01:33:19]} {[%emt 00:00:22]} 9. Bf3
{[%clk 01:33:08]} {[%emt 00:00:18]} Be6 {[%clk 01:26:10]} {[%emt 00:07:38]} 10.
Re1 {[%clk 01:33:29]} {[%emt 00:00:10]} Nbd7 {[%clk 01:20:30]} {[%emt
00:06:12]} 11. a4 {[%clk 01:33:49]} {[%emt 00:00:09]} b6 {[%clk 01:11:17]}
{[%emt 00:09:43]} 12. Nd2 {[%clk 01:31:18]} {[%emt 00:03:01]} Nb8 {[%clk
01:01:22]} {[%emt 00:10:25]} 13. Nf1 {[%clk 01:24:17]} {[%emt 00:07:31]} Nc6
{[%clk 01:01:19]} {[%emt 00:00:33]} 14. Bg5 {[%clk 01:10:15]} {[%emt 00:14:31]}
Qc7 {[%clk 00:57:12]} {[%emt 00:04:36]} 15. Ne3 {[%clk 01:00:44]} {[%emt
00:10:03]} Nb4 {[%clk 00:51:48]} {[%emt 00:05:54]} 16. Re2 {[%clk 00:36:25]}
{[%emt 00:24:49]} Rad8 {[%clk 00:41:58]} {[%emt 00:10:20]} 17. Bxf6 {[%clk
00:21:06]} {[%emt 00:15:48]} Bxf6 {[%clk 00:41:34]} {[%emt 00:00:54]} 18. Ncd5
{[%clk 00:20:47]} {[%emt 00:00:50]} Nxd5 {[%clk 00:41:37]} {[%emt 00:00:26]} 19.
Nxd5 {[%clk 00:20:34]} {[%emt 00:00:43]} Bxd5 {[%clk 00:41:58]} {[%emt
00:00:08]} 20. Qxd5 {[%clk 00:20:51]} {[%emt 00:00:14]} Qc5 {[%clk 00:39:33]}
{[%emt 00:02:55]} 21. Rd1 {[%clk 00:19:33]} {[%emt 00:01:48]} Qxd5 {[%clk
00:38:02]} {[%emt 00:02:01]} 22. Rxd5 {[%clk 00:19:50]} Be7 {[%clk 00:38:23]}
{[%emt 00:00:22]} 23. c4 {[%clk 00:17:21]} {[%emt 00:02:59]} Rc8 {[%clk
00:36:30]} {[%emt 00:02:23]} 24. b3 {[%clk 00:13:44]} {[%emt 00:04:08]} Rc5
{[%clk 00:28:36]} {[%emt 00:08:23]} 25. Red2 {[%clk 00:13:50]} {[%emt
00:00:24]} Rfc8 {[%clk 00:22:24]} {[%emt 00:06:41]} 26. Be2 {[%clk 00:10:11]}
{[%emt 00:04:09]} Rxd5 {[%clk 00:17:42]} {[%emt 00:05:13]} 27. Rxd5 {[%clk
00:10:30]} {[%emt 00:00:12]} Rc5 {[%clk 00:16:46]} {[%emt 00:01:26]} 28. b4
{[%clk 00:05:38]} {[%emt 00:05:21]} Rxd5 {[%emt 00:00:16]} 1/2-1/2

[Event "Hoogeveen Open"]
[Site "Hoogeveen, Netherlands"]
[Date "2018.10.20"]
[Round "1.40"]
[White "Achuthan, Dylan"]
[Black "Li, Henry"]
[Result "1/2-1/2"]
[WhiteElo "1751"]
[BlackElo "2207"]

1. e4 {[%clk 01:30:56]} {[%emt 00:00:04]} e5 {[%clk 01:30:39]} {[%emt
00:00:21]} 2. Nf3 {[%clk 01:31:18]} {[%emt 00:00:06]} Nc6 {[%clk 01:31:02]}
{[%emt 00:00:09]} 3. Bc4 {[%clk 01:31:43]} {[%emt 00:00:05]} Nf6 {[%clk
01:31:24]} {[%emt 00:00:07]} 4. d3 {[%clk 01:32:07]} {[%emt 00:00:06]} Be7
{[%clk 01:31:46]} {[%emt 00:00:09]} 5. Nc3 {[%clk 01:32:27]} {[%emt 00:00:10]}
d6 {[%clk 01:30:38]} {[%emt 00:01:38]} 6. h3 {[%clk 01:32:51]} {[%emt
00:00:05]} O-O {[%clk 01:30:21]} {[%emt 00:00:48]} 7. Be3 {[%clk 01:32:57]}
{[%emt 00:00:23]} Na5 {[%clk 01:28:40]} {[%emt 00:02:12]} 8. Bb3 {[%clk
01:33:11]} {[%emt 00:00:16]} c6 {[%clk 01:24:54]} {[%emt 00:04:16]} 9. d4
{[%clk 01:29:38]} {[%emt 00:04:02]} exd4 {[%clk 01:17:04]} {[%emt 00:08:20]} 10.
Qxd4 {[%clk 01:23:59]} {[%emt 00:06:08]} Qc7 {[%clk 01:10:59]} {[%emt
00:06:36]} 11. Qd3 {[%clk 01:20:15]} {[%emt 00:04:13]} b5 {[%clk 01:03:07]}
{[%emt 00:08:23]} 12. O-O {[%clk 01:07:36]} {[%emt 00:13:08]} b4 {[%clk
00:57:32]} {[%emt 00:06:04]} 13. Ne2 {[%clk 01:06:44]} {[%emt 00:01:22]} c5
{[%clk 00:56:07]} {[%emt 00:01:56]} 14. Bd5 {[%clk 01:01:22]} {[%emt 00:05:52]}
Nxd5 {[%clk 00:54:30]} {[%emt 00:02:08]} 15. exd5 {[%clk 00:59:57]} {[%emt
00:01:55]} Bf6 {[%clk 00:53:47]} {[%emt 00:01:12]} 16. c3 {[%clk 00:57:41]}
{[%emt 00:02:47]} Qb6 {[%clk 00:47:40]} {[%emt 00:06:37]} 17. Bg5 {[%clk
00:49:23]} {[%emt 00:08:48]} Ba6 {[%clk 00:44:42]} {[%emt 00:03:28]} 18. Qc2
{[%clk 00:44:31]} {[%emt 00:05:21]} Qd8 {[%clk 00:39:32]} {[%emt 00:05:40]} 19.
Bxf6 {[%clk 00:43:12]} {[%emt 00:01:49]} Qxf6 {[%clk 00:40:01]} {[%emt
00:00:02]} 20. Rfe1 {[%clk 00:42:45]} {[%emt 00:00:56]} bxc3 {[%clk 00:35:12]}
{[%emt 00:05:18]} 21. bxc3 {[%clk 00:39:44]} {[%emt 00:03:32]} Rab8 {[%clk
00:35:19]} {[%emt 00:00:23]} 22. Ng3 {[%clk 00:35:46]} {[%emt 00:04:28]} Nc4
{[%clk 00:33:07]} {[%emt 00:02:42]} 23. Ne4 {[%clk 00:35:11]} {[%emt 00:01:05]}
Qg6 {[%clk 00:32:31]} {[%emt 00:01:06]} 24. Qa4 {[%clk 00:33:09]} {[%emt
00:02:33]} Rb6 {[%clk 00:32:04]} {[%emt 00:00:57]} 25. Nh4 {[%clk 00:28:05]}
{[%emt 00:05:35]} Qh5 {[%clk 00:31:04]} {[%emt 00:01:30]} 26. Nf3 {[%clk
00:27:15]} {[%emt 00:01:20]} Qxd5 {[%clk 00:28:51]} {[%emt 00:02:43]} 27. Qd7
{[%clk 00:24:27]} {[%emt 00:03:18]} Rb7 {[%clk 00:25:45]} {[%emt 00:03:36]} 28.
Qa4 {[%clk 00:23:40]} {[%emt 00:01:17]} Bb5 {[%clk 00:25:57]} {[%emt 00:00:19]}
29. Qc2 {[%clk 00:23:04]} {[%emt 00:01:06]} Bd7 {[%clk 00:18:42]} {[%emt
00:07:45]} 30. Rad1 {[%clk 00:22:13]} {[%emt 00:01:21]} Qc6 {[%clk 00:17:51]}
{[%emt 00:01:21]} 31. Qc1 {[%clk 00:16:02]} {[%emt 00:06:41]} d5 {[%clk
00:15:43]} {[%emt 00:02:37]} 32. Ng3 {[%clk 00:14:37]} {[%emt 00:01:55]} Be6
{[%clk 00:14:16]} {[%emt 00:01:57]} 33. Nh5 {[%clk 00:14:04]} {[%emt 00:01:03]}
f6 {[%clk 00:13:46]} {[%emt 00:01:01]} 34. Nf4 {[%clk 00:12:26]} {[%emt
00:02:08]} Bf7 {[%clk 00:14:14]} {[%emt 00:00:02]} 35. Nh4 {[%clk 00:08:51]}
{[%emt 00:04:05]} g5 {[%clk 00:10:02]} {[%emt 00:04:41]} 36. Nf5 {[%clk
00:08:59]} {[%emt 00:00:23]} gxf4 {[%clk 00:09:55]} {[%emt 00:00:36]} 37. Ne7+
{[%clk 00:08:05]} {[%emt 00:01:24]} Rxe7 {[%clk 00:10:24]} {[%emt 00:00:02]} 38.
Rxe7 {[%clk 00:08:34]} Re8 {[%clk 00:09:35]} {[%emt 00:01:19]} 39. Rxe8+ {[%clk
00:06:55]} {[%emt 00:02:10]} Qxe8 {[%clk 00:09:30]} {[%emt 00:00:34]} 40. Qxf4
{[%clk 00:07:09]} {[%emt 00:00:17]} Qe5 {[%clk 00:06:33]} {[%emt 00:03:27]} 41.
Qg4+ {[%clk 00:06:48]} {[%emt 00:00:51]} Qg5 {[%clk 00:05:57]} {[%emt
00:01:06]} 42. Qc8+ {[%clk 00:06:39]} {[%emt 00:00:40]} Kg7 {[%clk 00:06:19]}
{[%emt 00:00:08]} 43. Qxc5 {[%clk 00:06:27]} {[%emt 00:00:42]} a6 {[%clk
00:03:45]} {[%emt 00:03:04]} 44. Rd3 {[%clk 00:03:10]} {[%emt 00:03:46]} Qc1+
{[%clk 00:03:28]} {[%emt 00:00:47]} 45. Kh2 {[%clk 00:03:22]} {[%emt 00:00:19]}
Ne5 {[%clk 00:03:24]} {[%emt 00:00:33]} 46. Rg3+ {[%clk 00:02:32]} {[%emt
00:01:20]} Ng6 {[%clk 00:03:53]} {[%emt 00:00:01]} 47. Rf3 {[%clk 00:01:48]}
{[%emt 00:01:13]} Qg5 {[%clk 00:03:47]} {[%emt 00:00:36]} 48. Rg3 {[%clk
00:00:52]} {[%emt 00:01:27]} Qe5 {[%clk 00:03:52]} {[%emt 00:00:24]} 49. Kg1
{[%clk 00:00:57]} {[%emt 00:00:27]} Qe4 {[%clk 00:02:22]} {[%emt 00:01:59]} 50.
Kh2 {[%clk 00:01:03]} {[%emt 00:00:24]} h5 {[%clk 00:01:59]} {[%emt 00:00:53]}
51. Qd4 {[%clk 00:22:48]} {[%emt 00:08:45]} Qxd4 {[%clk 00:30:54]} {[%emt
00:01:35]} 52. cxd4 {[%clk 00:23:12]} {[%emt 00:00:07]} Be8 {[%clk 00:31:13]}
{[%emt 00:00:10]} 53. Rf3 {[%clk 00:14:33]} {[%emt 00:09:09]} Ne7 {[%clk
00:29:36]} {[%emt 00:02:06]} 54. Rd3 {[%clk 00:11:50]} {[%emt 00:03:14]} Bb5
{[%clk 00:29:37]} {[%emt 00:00:29]} 55. Rd2 {[%clk 00:11:50]} {[%emt 00:00:30]}
Nf5 {[%clk 00:27:02]} {[%emt 00:03:06]} 56. g3 {[%clk 00:09:37]} {[%emt
00:02:43]} Nd6 {[%clk 00:26:06]} {[%emt 00:01:25]} 57. f3 {[%clk 00:07:22]}
{[%emt 00:02:46]} Bc4 {[%clk 00:25:55]} {[%emt 00:00:41]} 58. a4 {[%clk
00:04:07]} {[%emt 00:03:45]} Kf7 {[%clk 00:22:01]} {[%emt 00:04:23]} 59. Kg2
{[%clk 00:03:41]} {[%emt 00:00:57]} Ke6 {[%clk 00:22:05]} {[%emt 00:00:25]} 60.
g4 {[%clk 00:03:04]} {[%emt 00:01:08]} hxg4 {[%clk 00:20:34]} {[%emt 00:02:01]}
61. hxg4 {[%clk 00:03:32]} {[%emt 00:00:01]} Bb3 {[%clk 00:20:44]} {[%emt
00:00:20]} 62. Re2+ {[%clk 00:02:11]} {[%emt 00:01:52]} Kd7 {[%clk 00:20:54]}
{[%emt 00:00:19]} 63. a5 {[%clk 00:01:42]} {[%emt 00:01:00]} Bc4 {[%clk
00:20:25]} {[%emt 00:00:58]} 64. Re1 {[%clk 00:01:49]} {[%emt 00:00:23]} Nb5
{[%clk 00:19:50]} {[%emt 00:01:04]} 65. Rd1 {[%clk 00:02:10]} {[%emt 00:00:10]}
Nc3 {[%clk 00:17:07]} {[%emt 00:03:13]} 66. Rc1 {[%clk 00:01:44]} {[%emt
00:00:56]} Ne2 {[%clk 00:15:33]} {[%emt 00:02:04]} 67. Rd1 {[%clk 00:00:56]}
{[%emt 00:01:18]} Ke6 {[%clk 00:14:33]} {[%emt 00:01:30]} 68. Re1 {[%clk
00:00:58]} {[%emt 00:00:29]} Kf7 {[%clk 00:14:21]} {[%emt 00:00:41]} 69. Rd1
{[%clk 00:01:15]} {[%emt 00:00:13]} Kg6 {[%clk 00:14:27]} {[%emt 00:00:24]} 70.
Kf2 {[%clk 00:01:19]} {[%emt 00:00:27]} Nc3 {[%clk 00:13:19]} {[%emt 00:01:37]}
71. Rc1 {[%clk 00:01:31]} {[%emt 00:00:18]} Na2 {[%clk 00:13:18]} {[%emt
00:00:30]} 72. Rb1 {[%clk 00:01:07]} {[%emt 00:00:55]} Nc3 {[%clk 00:13:18]}
{[%emt 00:00:30]} 73. Rc1 {[%clk 00:01:27]} {[%emt 00:00:10]} Nb5 {[%clk
00:12:31]} {[%emt 00:01:17]} 74. Ke3 {[%clk 00:01:29]} {[%emt 00:00:28]} Nd6
{[%clk 00:11:54]} {[%emt 00:01:08]} 75. Rb1 {[%clk 00:01:15]} {[%emt 00:00:44]}
Bb5 {[%clk 00:12:12]} {[%emt 00:00:12]} 76. Ra1 {[%clk 00:01:07]} {[%emt
00:00:38]} f5 {[%clk 00:12:25]} {[%emt 00:00:17]} 77. Kf4 {[%clk 00:00:48]}
{[%emt 00:00:49]} fxg4 {[%clk 00:12:21]} {[%emt 00:00:33]} 78. fxg4 {[%clk
00:01:09]} {[%emt 00:00:09]} Nc4 {[%clk 00:12:30]} {[%emt 00:00:21]} 79. Ra2
{[%clk 00:00:55]} {[%emt 00:00:44]} Kf6 {[%clk 00:12:37]} {[%emt 00:00:23]} 80.
g5+ {[%clk 00:00:38]} {[%emt 00:00:47]} Ke6 {[%clk 00:12:00]} {[%emt 00:01:07]}
81. Ra1 {[%clk 00:00:37]} {[%emt 00:00:31]} Nd2 {[%clk 00:12:03]} {[%emt
00:00:27]} 82. Ra3 {[%clk 00:00:34]} {[%emt 00:00:33]} Bc4 {[%clk 00:12:20]}
{[%emt 00:00:13]} 83. Re3+ {[%clk 00:00:38]} {[%emt 00:00:26]} Ne4 {[%clk
00:11:00]} {[%emt 00:01:50]} 84. Re1 {[%clk 00:00:42]} {[%emt 00:00:26]} Kf7
{[%clk 00:09:06]} {[%emt 00:02:24]} 85. Rxe4 {[%clk 00:00:59]} {[%emt
00:00:13]} dxe4 {[%clk 00:09:17]} {[%emt 00:00:20]} 86. Kxe4 {[%clk 00:01:20]}
{[%emt 00:00:08]} Ke6 {[%clk 00:09:32]} {[%emt 00:00:15]} 87. g6 {[%clk
00:01:18]} {[%emt 00:00:32]} Kd6 {[%clk 00:09:53]} {[%emt 00:00:09]} 88. Ke3
{[%clk 00:01:30]} {[%emt 00:00:18]} Kc6 {[%clk 00:10:01]} {[%emt 00:00:22]} 89.
Kd2 {[%clk 00:01:41]} {[%emt 00:00:19]} Kb5 {[%clk 00:10:20]} {[%emt 00:00:10]}
90. Kc3 {[%clk 00:01:41]} {[%emt 00:00:31]} Bg8 {[%clk 00:10:40]} {[%emt
00:00:09]} 91. g7 {[%clk 00:01:43]} {[%emt 00:00:28]} Kxa5 {[%clk 00:10:54]}
{[%emt 00:00:16]} 92. Kb2 {[%clk 00:02:08]} {[%emt 00:00:06]} Kb4 {[%clk
00:11:14]} {[%emt 00:00:10]} 93. Ka1 {[%clk 00:02:26]} {[%emt 00:00:12]} Kc3
{[%clk 00:11:29]} {[%emt 00:00:15]} 94. d5 {[%clk 00:02:34]} {[%emt 00:00:23]}
Bxd5 {[%clk 00:11:49]} {[%emt 00:00:09]} 95. Kb1 {[%clk 00:02:45]} {[%emt
00:00:20]} a5 {[%clk 00:11:58]} {[%emt 00:00:20]} 96. g8=Q {[%clk 00:02:47]}
{[%emt 00:00:27]} Bxg8 {[%clk 00:12:18]} {[%emt 00:00:11]} 97. Ka1 {[%clk
00:03:16]} {[%emt 00:00:02]} Kc2 {[%emt 00:00:08]} 1/2-1/2